| 000 | 00408nam a22001697a 4500 | ||
|---|---|---|---|
| 005 | 20160622152633.0 | ||
| 008 | 160622b xxu||||| |||| 00| 0 eng d | ||
| 020 | _a0-07-044702-0 | ||
| 041 | _aeng | ||
| 082 | _b9246 | ||
| 100 |
_aCesikar, Pettit and Flatley _92521 |
||
| 245 | _aLesikars Basic Business Communications | ||
| 260 |
_bTMH _c2001 |
||
| 300 | _a567 | ||
| 650 |
_aManagement _9241 |
||
| 942 | _cBK | ||
| 999 |
_c3582 _d3581 |
||